| 000 | 00384nam a22001577a 4500 | ||
|---|---|---|---|
| 020 | _a9788181895325 | ||
| 082 |
_a631.5861 _bSHA/TE |
||
| 100 | _aSharma, B.C | ||
| 245 | _aTechnological innovations in dryland farming systems | ||
| 260 |
_aLucknow _bIBDC Publishers _c2010 |
||
| 300 | _a404 | ||
| 700 | _aAnil Kumar | ||
| 700 | _aSharma, Vikas | ||
| 700 | _aBali, A.S | ||
| 942 | _cBK | ||
| 999 |
_c13717 _d13717 |
||